| 000 | 00475nam a2200157Ia 4500 | ||
|---|---|---|---|
| 008 | 160316s1992 xxu||||| |||| 00| 0 eng d | ||
| 082 |
_a344.099000 _bCOU - I |
||
| 100 | _a | ||
| 245 | _aThe council of Europe's work on sport 1967 - 91.Vol.I : Legal and political texts | ||
| 250 | _a | ||
| 260 |
_aStrasbourg _bCouncil of Europe _c1992 |
||
| 300 |
_a226p _b _c |
||
| 365 | _b | ||
| 650 | _a1.Sports Official Texts - Legal -Plitical - Policies etc - Europe | ||
| 700 |
_a _a |
||
| 999 |
_c17140 _d17140 |
||